10 Closest Capitals to Athens Quiz Stats

 Plays Quiz Updated Feb 13, 2019

Support Sporcle.
Go Orange.
Score 0/10 Timer 02:00
1 Play Today
Capital % Correct
Ankara, Turkey
88.2%
Sofia, Bulgaria
84.4%
Tirana, Albania
78.1%
Bucharest, Romania
76.8%
Belgrade, Serbia
74.7%
Skopje, Macedonia
74.7%
Sarajevo, Bosnia and Herzegovina
74.2%
Pristina, Kosovo
64.2%
Podgorica, Montenegro
60.5%
Valletta, Malta
36.9%

From the Vault

Sightseeing in Europe

by jonesjeffum

Can't quite make it to Europe? Don't worry, you can see the sights on Sporcle.
Remove Ads.
Support Sporcle.
Get the best of Sporcle when you Go Orange. This ad-free experience offers more features, more stats, and more fun while also helping to support Sporcle. Thank you for becoming a member.

Show Comments

Extras

Top Quizzes Today


Score Distribution

Your Account Isn't Verified!

In order to create a playlist on Sporcle, you need to verify the email address you used during registration. Go to your Sporcle Settings to finish the process.

Report this User

Report this user for behavior that violates our Community Guidelines.

Details: